| 000 | 01235nam a22003257a 4500 | ||
|---|---|---|---|
| 003 | CHAP | ||
| 005 | 20220817041830.0 | ||
| 008 | 971013s1984 r 00010 d | ||
| 010 | _a25915 | ||
| 011 | _a26887 | ||
| 035 | _a30988 | ||
| 040 | _cCHAP | ||
| 082 |
_a633.17 _bI55 |
||
| 110 | _aInternational Crops Research Institute for the Semi-Arid Tropics | ||
| 245 |
_aAgrometeorology of sorghum and millet in the semi-arid tropics _b: proceedings of the International Symposium |
||
| 260 |
_aPatancheru, India : _bICRISAT, _c1984 |
||
| 300 |
_a322 p. _b; gráfs. ; mapas |
||
| 590 |
_aBATCH-UPD _b10 _c20130110 _lUCH01 _h1732 |
||
| 590 |
_aBATCH-UPD _b10 _c20130410 _lUCH01 _h1113 |
||
| 590 |
_aBATCH-UPD _b10 _c20130914 _lUCH01 _h1815 |
||
| 590 |
_aCONVERSION _b10 _c20130109 _lUCH01 _h1315 |
||
| 650 | 1 | 4 |
_aMeteorología agrícola. _975217 |
| 650 | 1 | 4 |
_aMijo _xEfecto del medio ambiente. _975645 |
| 650 | 1 | 4 |
_aSorgo _xEfecto del medio ambiente. _9108658 |
| 901 | _aBK | ||
| 942 | _cLIBRO | ||
| 949 |
_a633.17 I55 _bBC _cLIBRO _d33724000208849 _eLIBRO _h63071 _i30988 _mD _si |
||
| 949 |
_a633.17 I55 _bBC _cLIBRO _d33724000208914 _eLIBRO _fc.2 _h63096 _i30988 _mD _si |
||
| 949 |
_a633.17 I55 _bBC _cLIBRO _d33724000208971 _eLIBRO _fc.3 _h63499 _i30988 _si |
||
| 999 |
_c25915 _d25915 |
||